000 00392nam a22001337a 4500
005 20140103141236.0
008 140103b xxu||||| |||| 00| 0 eng d
050 _aHX39.5.
_bA224 1977
100 _aMarx, Karl
_96499
245 _aEconomic and Philosophic Manuscripts of 1844
_cMarx, Karl
260 _aMoscow
_bProgress Publishers
_c1977
300 _a215p. ;
_c21cm.
942 _2lcc
_cMONOGRAPH
999 _c119500
_d119500